000 00253nam a2200097Ia 4500
008 220204s9999 xx 000 0 und d
082 _a631.96(058)
_bUPA
245 0 _aUPASI planting directory. 1960, 1965, 1969, 1974, 1979
260 _bUPASI
942 _cBK
999 _c20156
_d20156